000 00277nam a2200121Ia 4500
100 _aLiebing/Edward
942 _cBK
654 _aNetware users guide V-2-2-
245 _aNetware Users Guide V-2-2-
260 _bBPB
_aNew Delhi
_c1993
546 _aENGLISH
999 _c33596
_d33596